Answers are numbers - Statistics

General Stats
  • This quiz has been taken 22 times
  • The average score is 8 of 10
Answer Stats
Hint Answer % Correct
World wars 2
100%
Gold rings 5
90%
Henry VIII wives 6
81%
Burglars in Home Alone 3 4
76%
Decades of Queen Elizabeth's II reign 7
76%
540 seconds in minutes 9
76%
Issac Newton's body count 0
71%
Lionel Messi's number 10
67%
Rings given to the elves (LotR) 3
67%
Countries bordering Zambia 8
67%
No matching quizzes found
Score Distribution
Percent of People with Each Score
Percentile by Number Answered
Your Score History
You have not taken this quiz